Los hombres de Qumrán: literatura, estructura social y concepciones religiosas
Uloženo v:
| Hlavní autoři: | , |
|---|---|
| Médium: | Kniha |
| Jazyk: | španělština |
| Vydáno: |
Madrid
Trotta
1997
|
| Vydání: | 2a. ed |
| Edice: | Colección Estructuras y Procesos. Serie Religión
|
| Témata: | |
| Tagy: |
Přidat tag
Žádné tagy, Buďte první, kdo vytvoří štítek k tomuto záznamu!
|
MARC
| LEADER | 00000nam a2200000 a 4500 | ||
|---|---|---|---|
| 001 | UCN1063 | ||
| 003 | CL-VaPUC | ||
| 008 | 010420e19970000SP |||||||||||||||||spa|d | ||
| 082 | 0 | 4 | |a 296.81 |b GAR |2 21 |
| 100 | |a García Martínez, Florentino |e author |9 483934 | ||
| 700 | 0 | |a Trebolle Barrera, Julio |e author |9 456440 | |
| 245 | 1 | 4 | |a Los hombres de Qumrán: literatura, estructura social y concepciones religiosas |
| 250 | |a 2a. ed | ||
| 300 | |a 278 p | ||
| 942 | |c BK | ||
| 945 | |d 20010420 00:00:00 |a vberengu | ||
| 260 | |a Madrid |b Trotta |c 1997 | ||
| 600 | 0 | 7 | |a QUMRAN |2 CL-VaPUC |9 344635 |
| 650 | 0 | |a Comunidad qumrán |9 313681 | |
| 583 | |a last modification |c 20010420 00:00:00 |k Rodrigo Vera | ||
| 490 | 0 | |a Colección Estructuras y Procesos. Serie Religión | |
| 999 | |c 294654 |d 294652 | ||
| 952 | |0 0 |1 0 |4 0 |6 296_810000000000000_GAR_1997 |7 0 |8 A |9 347282 |a BIBTEO |b BIBTEO |d 2019-11-20 |i 371599K |o 296.81 GAR 1997 |p 371599K |r 2025-01-17 |w 2019-11-20 |y BK |k ICR | ||